Finančná a menová teória a politika 2

Salvato in:
Dettagli Bibliografici
Autore principale: Sobek, Otto
Ente Autore: Ekonomická univerzita v Bratislave. Národohospodárska fakulta
Natura: Libro
Lingua:slovacco
Pubblicazione: Bratislava EU 1993
Edizione:1. vyd.
Soggetti:
Tags: Aggiungi Tag
Nessun Tag, puoi essere il primo ad aggiungerne!!

MARC

LEADER 00000nam a2200000 4500
001 c004132
005 20221214082108.7
020 |a 80-225-0444-0 
041 0 |a slo 
044 |a SK 
245 1 0 |a Finančná a menová teória a politika 2  |c Oto Sobek a kol. 
250 |a 1. vyd. 
264 1 |a Bratislava  |b EU  |c 1993 
300 |a 175 s. 
610 2 0 |a politika finančná 
610 2 0 |a politika menová 
610 2 0 |a banky obchodné 
610 2 0 |a operácie bankové 
610 2 0 |a trh finančný 
610 2 0 |a Medzinárodný menový fond 
610 2 0 |a organizácie medzinárodné 
610 2 0 |a poistenie 
610 2 0 |a poisťovníctvo 
610 2 0 |a rovnováha peňažná 
100 1 |a Sobek, Otto 
710 2 |a Ekonomická univerzita v Bratislave. Národohospodárska fakulta